[Event "TCh-FRA Top 12 2015"]
[Site "Montpellier FRA"]
[Date "2015.06.01"]
[Round "3.6"]
[Board "4"]
[White "Llanes Hurtado, Miguel"]
[Black "Bacrot, Etienne"]
[Result "1/2-1/2"]
[WhiteTitle "GM"]
[BlackTitle "GM"]
[WhiteElo "2444"]
[BlackElo "2704"]
[WhiteTeam "GRASSE ECHECS"]
[BlackTeam "BISCHWILLER"]
[WhiteFideId "2206706"]
[BlackFideId "605506"]
[EventDate "2015.05.30"]

1. d4 Nf6 2. c4 e6 3. g3 c5 4. d5 exd5 5. cxd5 d6 6. Nc3 g6 7. Bg2 Bg7 8. Nf3
O-O 9. O-O Nbd7 10. Bf4 Qe7 11. a4 h6 12. Qc1 g5 13. Bd2 Ng4 14. h4 f6 15. b4
cxb4 16. Nb5 a5 17. Qc7 f5 18. Rae1 Bf6 19. Nxd6 Nde5 20. Qxe7 Bxe7 21. Nxc8
Raxc8 1/2-1/2

[Event "TCh-FRA Top 12 2015"]
[Site "Montpellier FRA"]
[Date "2015.06.01"]
[Round "3.6"]
[Board "5"]
[White "Ragger, Markus"]
[Black "Pile, Richard"]
[Result "1-0"]
[WhiteTitle "GM"]
[BlackTitle "IM"]
[WhiteElo "2668"]
[BlackElo "2430"]
[WhiteTeam "BISCHWILLER"]
[BlackTeam "GRASSE ECHECS"]
[WhiteFideId "1610856"]
[BlackFideId "624110"]
[EventDate "2015.05.30"]

1. d4 Nf6 2. c4 e6 3. Nc3 Bb4 4. e3 c5 5. Ne2 b6 6. a3 Ba5 7. Bd2 Na6 8. Ng3 Bb7
9. d5 O-O 10. Bd3 d6 11. e4 Nc7 12. O-O Re8 13. f4 exd5 14. cxd5 c4 15. Bxc4
Bxc3 16. Bxc3 Nxe4 17. Nxe4 Rxe4 18. Bd3 Re3 19. Bd4 Nxd5 20. Bxh7+ Kf8 21. Bc2
Rc8 22. Bb3 Re4 23. Qh5 Rxd4 24. Qh8+ Ke7 25. Qxg7 Rcc4 26. Rfe1+ Kd7 27. Qxf7+
Kc6 28. Bxc4 Rxc4 29. Rad1 1-0

[Event "TCh-FRA Top 12 2015"]
[Site "Montpellier FRA"]
[Date "2015.06.01"]
[Round "3.6"]
[Board "6"]
[White "Szabo, Krisztian1"]
[Black "Le Roux, Jean-Pierre"]
[Result "1-0"]
[WhiteTitle "GM"]
[BlackTitle "GM"]
[WhiteElo "2518"]
[BlackElo "2546"]
[WhiteTeam "GRASSE ECHECS"]
[BlackTeam "BISCHWILLER"]
[WhiteFideId "722901"]
[BlackFideId "609404"]
[EventDate "2015.05.30"]

1. e4 e5 2. Nf3 Nc6 3. Bb5 Nf6 4. d3 d6 5. O-O Be7 6. c3 O-O 7. Re1 a6 8. Ba4 b5
9. Bc2 d5 10. Nbd2 dxe4 11. dxe4 Be6 12. Qe2 Nd7 13. a4 b4 14. Bb3 Nc5 15. Bxe6
fxe6 16. Nc4 Qd3 17. Nfxe5 Nxe5 18. Nxe5 Qxe2 19. Rxe2 Rad8 20. Be3 bxc3 21. Nc6
Nb3 22. Nxe7+ Kf7 23. Rae1 Rd2 24. Nc6 1-0

[Event "TCh-FRA Top 12 2015"]
[Site "Montpellier FRA"]
[Date "2015.06.01"]
[Round "3.6"]
[Board "7"]
[White "Marcelin, Cyril"]
[Black "Apicella, Manuel"]
[Result "1/2-1/2"]
[WhiteTitle "GM"]
[BlackTitle "GM"]
[WhiteElo "2476"]
[BlackElo "2510"]
[WhiteTeam "BISCHWILLER"]
[BlackTeam "GRASSE ECHECS"]
[WhiteFideId "607274"]
[BlackFideId "600164"]
[EventDate "2015.05.30"]

1. Nf3 Nf6 2. g3 g6 3. b3 Bg7 4. Bb2 O-O 5. Bg2 d6 6. d4 e5 7. dxe5 Ng4 8. h3
Nxe5 9. Nxe5 dxe5 10. Qxd8 Rxd8 11. Nd2 Nd7 12. O-O-O Re8 13. a4 Nc5 14. e3 a5
15. Nc4 e4 16. Bd4 Ne6 17. Bxg7 Nxg7 18. Na3 f5 19. Nb5 Ne6 20. Bf1 Kg7 21. Bc4
Re7 22. Rd2 c6 23. Nd6 Ng5 24. Be2 Be6 25. h4 Nf7 26. Nxf7 Kxf7 27. Rhd1 Ree8
28. Kb2 Rac8 29. Kc3 b5 30. axb5 cxb5+ 31. Kb2 Rc5 32. Rd6 Rec8 33. R1d2 Ke7 34.
Ra6 b4 35. Ra7+ R8c7 36. Rxc7+ Rxc7 37. Rd1 1/2-1/2

[Event "TCh-FRA Top 12 2015"]
[Site "Montpellier FRA"]
[Date "2015.06.01"]
[Round "3.6"]
[Board "8"]
[White "Forestier, Carole"]
[Black "Maisuradze, Nino"]
[Result "0-1"]
[BlackTitle "WGM"]
[WhiteElo "2072"]
[BlackElo "2279"]
[WhiteTeam "GRASSE ECHECS"]
[BlackTeam "BISCHWILLER"]
[WhiteFideId "641405"]
[BlackFideId "13601717"]
[EventDate "2015.05.30"]

1. d4 Nf6 2. c4 c5 3. d5 g6 4. Nc3 Bg7 5. e4 d6 6. Bd3 O-O 7. Nge2 e6 8. O-O
exd5 9. cxd5 Na6 10. a3 Nc7 11. Bf4 Re8 12. Rc1 b5 13. f3 c4 14. Bb1 Nh5 15. Be3
a5 16. Nd4 Bd7 17. Qd2 Qc8 18. Qf2 Qb7 19. Nce2 Na6 20. b3 b4 21. axb4 cxb3 22.
Nxb3 Qxb4 23. Nbd4 Rec8 24. Ba2 Rxc1 25. Rxc1 Qa3 26. Bc4 Nb4 27. Nb5 Bxb5 28.
Bxb5 Nd3 29. Bxd3 Qxd3 30. Nd4 Nf4 31. Re1 Rb8 32. g3 Nh3+ 0-1

[Event "TCh-FRA Top 12 2015"]
[Site "Montpellier FRA"]
[Date "2015.06.02"]
[Round "4.1"]
[Board "1"]
[White "Donchenko, Alexander"]
[Black "Demuth, Adrien"]
[Result "1/2-1/2"]
[WhiteTitle "IM"]
[BlackTitle "IM"]
[WhiteElo "2570"]
[BlackElo "2515"]
[WhiteTeam "VANDOEUVRE-ECHECS"]
[BlackTeam "POITIERS-MIGNE"]
[WhiteFideId "24603295"]
[BlackFideId "642274"]
[EventDate "2015.05.30"]

1. d4 d5 2. c4 e6 3. Nc3 c5 4. cxd5 exd5 5. Nf3 Nc6 6. g3 Nf6 7. Bg2 Be7 8. O-O
O-O 9. Bg5 c4 10. Ne5 Be6 11. b3 h6 12. Bxf6 Bxf6 13. Nxc6 bxc6 14. bxc4 dxc4
15. e3 Qa5 16. Rc1 Rac8 17. Qa4 Qxa4 18. Nxa4 Be7 19. Nb2 Ba3 20. Rc2 Bxb2 21.
Rxb2 Rc7 22. Rc1 g6 23. h4 Rd8 24. Rbc2 c5 25. d5 Bxd5 26. Bxd5 Rxd5 27. Rxc4
Rd2 28. Rxc5 Rxc5 29. Rxc5 Rxa2 1/2-1/2

[Event "TCh-FRA Top 12 2015"]
[Site "Montpellier FRA"]
[Date "2015.06.02"]
[Round "4.1"]
[Board "2"]
[White "Saada, Julien"]
[Black "Solodovnichenko, Yuri"]
[Result "0-1"]
[WhiteTitle "FM"]
[BlackTitle "GM"]
[WhiteElo "2296"]
[BlackElo "2592"]
[WhiteTeam "POITIERS-MIGNE"]
[BlackTeam "VANDOEUVRE-ECHECS"]
[WhiteFideId "625388"]
[BlackFideId "14104369"]
[EventDate "2015.05.30"]

1. d4 d5 2. Nf3 e6 3. e3 Nd7 4. c4 c6 5. Bd3 dxc4 6. Bxc4 Ngf6 7. O-O b5 8. Bd3
Bb7 9. e4 a6 10. a4 Be7 11. Nbd2 Nc5 12. Bc2 Nxa4 13. Bxa4 bxa4 14. Qxa4 a5 15.
e5 Nd7 16. Ne4 O-O 17. Bg5 Bxg5 18. Nexg5 c5 19. Qc2 g6 20. Rfd1 Qe7 21. Ne4
cxd4 22. Rxd4 Rfc8 23. Qd2 Bxe4 24. Rxd7 Qb4 25. Qf4 Bf5 26. Qd4 Be4 27. Ng5 Bc6
28. Qxb4 axb4 29. Rda7 Bd5 30. Rxa8 Bxa8 31. h4 Bd5 32. Ra7 Rc1+ 33. Kh2 Rc2 34.
Kg3 Rxb2 35. Nxf7 Ra2 36. Nh6+ Kf8 37. Rf7+ Ke8 38. Rxh7 b3 39. Rh8+ Kd7 40. Rb8
Ra8 41. Rb4 Kc6 0-1

[Event "TCh-FRA Top 12 2015"]
[Site "Montpellier FRA"]
[Date "2015.06.02"]
[Round "4.1"]
[Board "3"]
[White "Savina, Anastasia"]
[Black "Bedouin, Xavier"]
[Result "1-0"]
[WhiteTitle "IM"]
[BlackTitle "IM"]
[WhiteElo "2417"]
[BlackElo "2336"]
[WhiteTeam "VANDOEUVRE-ECHECS"]
[BlackTeam "POITIERS-MIGNE"]
[WhiteFideId "4196872"]
[BlackFideId "617040"]
[EventDate "2015.05.30"]

1. d4 Nf6 2. c4 e6 3. Nc3 d5 4. cxd5 exd5 5. Bg5 c6 6. e3 Bf5 7. Qf3 Bg6 8. Bxf6
Qxf6 9. Qxf6 gxf6 10. Nf3 Nd7 11. Nh4 Be7 12. g3 Nb6 13. b3 Nc8 14. Kd2 Nd6 15.
f3 O-O-O 16. Bd3 Bxd3 17. Kxd3 f5 18. Ng2 h5 19. h4 Ne8 20. Ke2 Nf6 21. Kf2 Bd6
22. Ne1 Rde8 23. Nd3 Re7 24. Rhe1 Rg8 25. Ne2 Kd7 26. Nef4 a5 27. a3 Ra8 28. Ra2
Ree8 29. Rea1 Kc7 30. Rc2 Kd7 31. Nc5+ Kc7 32. Rac1 Kb6 33. Rc3 Ra7 34. R1c2 Rg8
35. Ne2 Re8 36. Rb2 Rg8 37. b4 axb4 38. axb4 Ra1 39. Rcb3 Ka7 40. b5 b6 41. bxc6
bxc5 42. Rb7+ Ka8 43. c7 Nd7 44. c8=Q+ Rxc8 45. Rxd7 cxd4 46. Rxd6 d3 47. Nd4
Rcc1 48. Rd8+ Ka7 49. Rxd5 Rf1+ 50. Kg2 Rg1+ 51. Kh3 Rh1+ 52. Rh2 Rxh2+ 53. Kxh2 1-0

[Event "TCh-FRA Top 12 2015"]
[Site "Montpellier FRA"]
[Date "2015.06.02"]
[Round "4.1"]
[Board "4"]
[White "Picard, Romain"]
[Black "Brunner, Nicolas"]
[Result "0-1"]
[WhiteTitle "IM"]
[BlackTitle "IM"]
[WhiteElo "2368"]
[BlackElo "2432"]
[WhiteTeam "POITIERS-MIGNE"]
[BlackTeam "VANDOEUVRE-ECHECS"]
[WhiteFideId "627216"]
[BlackFideId "620246"]
[EventDate "2015.05.30"]

1. e4 e6 2. c3 d5 3. e5 c5 4. f4 Nc6 5. Nf3 Nh6 6. Na3 Qb6 7. Nc2 Bd7 8. d4 cxd4
9. Nfxd4 Bc5 10. Be3 Nxd4 11. cxd4 Be7 12. b3 Nf5 13. Kf2 Rc8 14. Qd2 O-O 15.
Bd3 Nxe3 16. Kxe3 f6 17. h4 Bb5 18. Rac1 fxe5 19. fxe5 Bxd3 20. Qxd3 Qa5 0-1

[Event "TCh-FRA Top 12 2015"]
[Site "Montpellier FRA"]
[Date "2015.06.02"]
[Round "4.1"]
[Board "5"]
[White "Nezar, Mustapha"]
[Black "Fougerit, Valentin"]
[Result "1/2-1/2"]
[WhiteTitle "IM"]
[WhiteElo "2382"]
[BlackElo "2225"]
[WhiteTeam "VANDOEUVRE-ECHECS"]
[BlackTeam "POITIERS-MIGNE"]
[WhiteFideId "608637"]
[BlackFideId "634670"]
[EventDate "2015.05.30"]

1. d4 Nf6 2. c4 e6 3. Nc3 Bb4 4. Qc2 O-O 5. Bg5 c5 6. dxc5 Na6 7. e3 Nxc5 8. Ne2
Nce4 9. Bxf6 Nxf6 10. a3 Be7 11. Nd4 d5 12. Be2 Qa5 13. O-O dxc4 14. Bxc4 Bd7
15. Qb3 Rab8 16. Bb5 Rfd8 17. Rfd1 Bxb5 18. Qxb5 Qxb5 19. Ncxb5 a6 20. Nc3 Rbc8
21. Kf1 Kf8 22. Ke2 Nd5 23. Nxd5 Rxd5 24. Rdc1 Rdc5 25. Nb3 Rxc1 26. Rxc1 Rxc1
27. Nxc1 Bf6 28. Nd3 Ke7 29. a4 Kd6 30. b3 h5 31. h3 g6 32. g4 hxg4 33. hxg4 Kd5
34. Nf4+ Kc5 35. Kd3 b5 36. axb5 axb5 37. Ne2 Bh4 38. f3 Kb4 39. Kc2 Bf2 40. e4
Be3 41. Nc3 Bg5 1/2-1/2

[Event "TCh-FRA Top 12 2015"]
[Site "Montpellier FRA"]
[Date "2015.06.02"]
[Round "4.1"]
[Board "6"]
[White "Leriche, Luc"]
[Black "Philippe, Christophe"]
[Result "1/2-1/2"]
[BlackTitle "IM"]
[WhiteElo "2129"]
[BlackElo "2375"]
[WhiteTeam "POITIERS-MIGNE"]
[BlackTeam "VANDOEUVRE-ECHECS"]
[WhiteFideId "20600291"]
[BlackFideId "610038"]
[EventDate "2015.05.30"]

1. e4 Nf6 2. e5 Nd5 3. d4 d6 4. c4 Nb6 5. exd6 cxd6 6. Nc3 g6 7. Be3 Bg7 8. Rc1
O-O 9. b3 Bf5 10. Be2 d5 11. c5 Nc8 12. Bf3 Nc6 13. Bxd5 e5 14. Bxc6 bxc6 15.
Nge2 Ne7 16. O-O Qa5 17. Qd2 Rfd8 18. Nd5 Qxd2 19. Nxe7+ Kf8 20. Bxd2 Kxe7 21.
Bg5+ f6 22. Be3 Bd3 23. Rfe1 Kf7 24. Rcd1 Bxe2 25. Rxe2 f5 26. f3 Rd5 27. Red2
f4 28. Bf2 exd4 29. b4 g5 30. Rd3 Rb8 31. Be1 a5 32. a3 axb4 33. axb4 Ra8 34.
Bf2 Be5 35. Kf1 h5 36. Ke2 Rb8 37. Bxd4 Rxb4 38. Bf2 Rb2+ 39. Ke1 Rxd3 40. Rxd3
Ke6 41. Rd8 g4 42. Kf1 g3 43. hxg3 fxg3 44. Be3 h4 45. Rg8 Bf6 46. Rg6 Rb1+ 47.
Ke2 Kf5 48. Rg4 Rb2+ 49. Kf1 Rb3 50. Ke2 Rb2+ 51. Kf1 Rb1+ 52. Ke2 Rb2+ 1/2-1/2

[Event "TCh-FRA Top 12 2015"]
[Site "Montpellier FRA"]
[Date "2015.06.02"]
[Round "4.1"]
[Board "7"]
[White "Le Corre, Benjamin"]
[Black "Picard, Clement"]
[Result "1/2-1/2"]
[WhiteTitle "FM"]
[WhiteElo "2307"]
[BlackElo "2180"]
[WhiteTeam "VANDOEUVRE-ECHECS"]
[BlackTeam "POITIERS-MIGNE"]
[WhiteFideId "639605"]
[BlackFideId "615455"]
[EventDate "2015.05.30"]

1. e4 e6 2. d4 d5 3. Nd2 c5 4. Ngf3 Nc6 5. c3 cxd4 6. cxd4 dxe4 7. Nxe4 Be7 8.
Bd3 Nf6 9. O-O O-O 10. Nxf6+ Bxf6 11. Be3 Nb4 12. Be4 Nd5 13. Qd2 b6 14. Bg5
Bxg5 15. Nxg5 h6 16. Nf3 Ba6 17. Rfe1 Rc8 18. a4 Qd6 19. a5 b5 20. Ne5 Rfd8 21.
Rad1 Nf6 1/2-1/2

[Event "TCh-FRA Top 12 2015"]
[Site "Montpellier FRA"]
[Date "2015.06.02"]
[Round "4.1"]
[Board "8"]
[White "Leriche, Ines"]
[Black "Steil-Antoni, Fiona"]
[Result "0-1"]
[BlackTitle "WIM"]
[WhiteElo "1990"]
[BlackElo "2094"]
[WhiteTeam "POITIERS-MIGNE"]
[BlackTeam "VANDOEUVRE-ECHECS"]
[WhiteFideId "684090"]
[BlackFideId "4001249"]
[EventDate "2015.05.30"]

1. d4 e6 2. c4 b6 3. Nc3 Bb7 4. e4 Bb4 5. Bd3 f5 6. Qe2 Nf6 7. Bg5 h6 8. Bxf6
Qxf6 9. Nf3 Nc6 10. a3 Be7 11. e5 Qf7 12. d5 Nb8 13. Nb5 Bd8 14. d6 c5 15. b4
Na6 16. Rb1 O-O 17. Nc3 cxb4 18. axb4 g5 19. Rg1 Qh5 20. h3 Rf7 21. Nd4 Qh4 22.
Nf3 Qh5 23. Nd2 Qh4 24. Nf1 Rg7 25. Ng3 g4 26. hxg4 Rxg4 27. Rh1 Qg5 28. Rh2 Qg6
29. Qe3 Bg5 30. Qe2 Bf4 31. Rh3 Bxg2 32. Rh2 Rxg3 33. fxg3 Qxg3+ 34. Qf2 Qxf2+
35. Kxf2 Bxh2 36. Kxg2 Bxe5 37. Nb5 Kf7 38. Be2 Kg6 39. Bf3 Rg8 40. Bb7 Nb8 41.
c5 Kf6+ 42. Kf3 a6 43. Nc7 bxc5 44. bxc5 Bd4 45. Rc1 h5 46. Nxa6 Nxa6 47. Bxa6
Ke5 48. Bb5 Rc8 49. c6 dxc6 50. d7 Rd8 51. Bxc6 Kd6 52. Ba4 Bf6 53. Kf4 Rg8 54.
Kf3 h4 55. Rc8 Bd8 56. Rc1 Rg3+ 57. Kf2 Ra3 58. Bb5 h3 59. Rc6+ Ke7 60. Rc1 Bb6+
61. Ke2 h2 62. Bc6 Re3+ 63. Kd2 Rg3 64. Rc4 Rh3 0-1

[Event "TCh-FRA Top 12 2015"]
[Site "Montpellier FRA"]
[Date "2015.06.02"]
[Round "4.2"]
[Board "1"]
[White "Michiels, Bart"]
[Black "Ipatov, Alexander"]
[Result "1/2-1/2"]
[WhiteTitle "GM"]
[BlackTitle "GM"]
[WhiteElo "2536"]
[BlackElo "2612"]
[WhiteTeam "GRASSE ECHECS"]
[BlackTeam "C-E BOIS-COLOMBES"]
[WhiteFideId "202967"]
[BlackFideId "14116731"]
[EventDate "2015.05.30"]

1. d4 Nf6 2. c4 e6 3. Nc3 Bb4 4. Qc2 d5 5. a3 Bxc3+ 6. Qxc3 c5 7. dxc5 d4 8. Qg3
Nc6 9. b4 e5 10. Qxg7 Rg8 11. Qh6 Be6 12. Bg5 Rg6 13. Qh4 a5 14. b5 Nb4 15. Rc1
Na2 16. Rc2 Nc3 17. Nf3 Bf5 18. Rc1 Qe7 19. Bxf6 Rxf6 20. Qg3 Re6 21. Qg8+ Qf8
22. Qxf8+ Kxf8 23. g3 Re7 24. Nh4 Be6 25. Bg2 Rc8 26. c6 bxc6 27. bxc6 Bxc4 28.
Nf5 Re6 29. Ne3 Bb5 30. Bh3 Rcxc6 31. Bxe6 fxe6 32. Nd1 Ke7 33. Nxc3 dxc3 34. f3
Ba4 35. Kf2 c2 36. e4 Rc3 37. Ke2 Rxa3 38. Ra1 Bb5+ 39. Kd2 Rxf3 40. Kxc2 a4 41.
Kb2 Rb3+ 42. Ka2 Re3 43. Rae1 Bc4+ 44. Ka1 Ra3+ 45. Kb2 Rb3+ 46. Ka1 Ra3+ 47.
Kb2 Rb3+ 48. Ka1 Kd6 49. Rd1+ Kc5 50. Rd7 1/2-1/2

[Event "TCh-FRA Top 12 2015"]
[Site "Montpellier FRA"]
[Date "2015.06.02"]
[Round "4.2"]
[Board "2"]
[White "Duda, Jan-Krzysztof"]
[Black "Dorfman, Iossif"]
[Result "1-0"]
[WhiteTitle "GM"]
[BlackTitle "GM"]
[WhiteElo "2610"]
[BlackElo "2574"]
[WhiteTeam "C-E BOIS-COLOMBES"]
[BlackTeam "GRASSE ECHECS"]
[WhiteFideId "1170546"]
[BlackFideId "604011"]
[EventDate "2015.05.30"]

1. e4 e5 2. Nf3 Nc6 3. Nc3 Nf6 4. Bb5 Bd6 5. d3 h6 6. Ba4 a6 7. a3 b5 8. Bb3 Bc5
9. h3 d6 10. O-O O-O 11. Ne2 Be6 12. Bxe6 fxe6 13. Ng3 Qe8 14. c3 Nh5 15. Kh2
Bb6 16. a4 b4 17. Bd2 bxc3 18. bxc3 Rf6 19. Ng1 Nxg3 20. fxg3 Rxf1 21. Qxf1
Bxg1+ 22. Qxg1 Na5 23. Qd1 Rb8 24. Ra2 Kh7 25. g4 Nb3 26. Be3 Nc5 27. h4 Kg8 28.
g5 hxg5 29. Bxg5 d5 30. Be3 Nd7 31. Qf3 dxe4 32. Qxe4 Nf6 33. Qc4 e4 34. Bg5
exd3 35. Qxd3 Nh7 36. Bf4 Nf6 37. Bg5 Nh7 38. Bf4 Nf6 39. Qxa6 e5 40. Bg5 Rb6
41. Qc4+ Kh8 42. a5 Rc6 43. Qe2 Qe6 44. a6 Ng4+ 45. Qxg4 1-0

[Event "TCh-FRA Top 12 2015"]
[Site "Montpellier FRA"]
[Date "2015.06.02"]
[Round "4.2"]
[Board "3"]
[White "Colovic, Aleksandar"]
[Black "Bauer, Christian"]
[Result "0-1"]
[WhiteTitle "GM"]
[BlackTitle "GM"]
[WhiteElo "2466"]
[BlackElo "2624"]
[WhiteTeam "GRASSE ECHECS"]
[BlackTeam "C-E BOIS-COLOMBES"]
[WhiteFideId "15000729"]
[BlackFideId "603767"]
[EventDate "2015.05.30"]

1. d4 f5 2. g3 Nf6 3. Bg2 d6 4. Nf3 h6 5. Nh4 Kf7 6. e4 fxe4 7. Bxe4 Nxe4 8.
Qh5+ Kg8 9. Qd5+ e6 10. Qxe4 Qf6 11. Ng6 Bd7 12. Nc3 Nc6 13. d5 Re8 14. O-O exd5
15. Qxd5+ Be6 16. Qd3 Nb4 17. Qb5 Qxg6 18. Qxb4 Bh3 19. Rd1 d5 20. Qxb7 c6 21.
Bf4 Bc5 22. Qb3 Qg4 23. Rd3 Kh7 24. Qb7 Re6 25. Qc7 Rhe8 26. Bd2 Rf6 27. Bf4 Bb6 0-1

[Event "TCh-FRA Top 12 2015"]
[Site "Montpellier FRA"]
[Date "2015.06.02"]
[Round "4.2"]
[Board "4"]
[White "Cornette, Matthieu"]
[Black "Szabo, Krisztian1"]
[Result "1/2-1/2"]
[WhiteTitle "GM"]
[BlackTitle "GM"]
[WhiteElo "2590"]
[BlackElo "2518"]
[WhiteTeam "C-E BOIS-COLOMBES"]
[BlackTeam "GRASSE ECHECS"]
[WhiteFideId "620084"]
[BlackFideId "722901"]
[EventDate "2015.05.30"]

1. Nf3 Nf6 2. c4 g6 3. Nc3 Bg7 4. d4 d6 5. e4 O-O 6. Be2 e5 7. O-O Nc6 8. d5 Ne7
9. b4 Ne8 10. a4 f5 11. c5 Nf6 12. a5 h6 13. Bc4 Kh8 14. Re1 fxe4 15. Nxe4 Bf5
16. Nxf6 Rxf6 17. Ra3 a6 18. Nd2 dxc5 19. bxc5 Nxd5 20. Bb2 Nb4 1/2-1/2

[Event "TCh-FRA Top 12 2015"]
[Site "Montpellier FRA"]
[Date "2015.06.02"]
[Round "4.2"]
[Board "5"]
[White "Pile, Richard"]
[Black "Maze, Sebastien"]
[Result "0-1"]
[WhiteTitle "IM"]
[BlackTitle "GM"]
[WhiteElo "2430"]
[BlackElo "2572"]
[WhiteTeam "GRASSE ECHECS"]
[BlackTeam "C-E BOIS-COLOMBES"]
[WhiteFideId "624110"]
[BlackFideId "613762"]
[EventDate "2015.05.30"]

1. d4 Nf6 2. Nf3 g6 3. g3 Bg7 4. Bg2 c6 5. c4 O-O 6. Nc3 d6 7. e4 Nbd7 8. O-O e5
9. d5 Nc5 10. Ne1 cxd5 11. cxd5 b5 12. Nc2 Bd7 13. b4 Na6 14. Qd3 Rc8 15. Bd2
Qb6 16. Rfc1 Ng4 17. Qe2 Bh6 18. Bxh6 Nxh6 19. Ne3 Nxb4 20. Rab1 Na6 21. Bf1 Nc5
22. Nxb5 Bxb5 23. Rxb5 Qd8 24. Nc4 f5 25. Nxe5 fxe4 26. Bh3 Rc7 27. Qe3 Nf5 28.
Bxf5 Rxf5 29. Nc6 Qf6 30. Rb8+ Kg7 31. Qd4 Qxd4 32. Nxd4 Rxd5 33. Rc4 Rf7 34.
Re8 Kh6 35. Kg2 Nd3 36. f4 exf3+ 37. Nxf3 Rdf5 38. Ne1 Rf2+ 39. Kh3 Ne5 40. Rh4+
Kg7 41. Rd4 g5 0-1

[Event "TCh-FRA Top 12 2015"]
[Site "Montpellier FRA"]
[Date "2015.06.02"]
[Round "4.2"]
[Board "6"]
[White "Koziak, Vitali"]
[Black "Llanes Hurtado, Miguel"]
[Result "1/2-1/2"]
[WhiteTitle "IM"]
[BlackTitle "GM"]
[WhiteElo "2467"]
[BlackElo "2444"]
[WhiteTeam "C-E BOIS-COLOMBES"]
[BlackTeam "GRASSE ECHECS"]
[WhiteFideId "14102234"]
[BlackFideId "2206706"]
[EventDate "2015.05.30"]

1. d4 Nf6 2. c4 e6 3. Nc3 Bb4 4. Qc2 d5 5. cxd5 exd5 6. Bg5 h6 7. Bh4 c5 8. dxc5
Be6 9. e3 O-O 10. Nf3 Nbd7 11. a3 Bxc5 12. Be2 Rc8 13. O-O Be7 14. Rac1 Ne4 15.
Bxe7 Qxe7 16. Qd3 Ndc5 17. Qd1 Rfd8 18. Nd4 a6 19. Rc2 Nxc3 20. Rxc3 Ne4 21.
Rxc8 Rxc8 22. Bd3 Nf6 23. Qd2 Qc5 24. h3 Bd7 25. Ne2 Qb6 26. Rc1 Rc5 27. Nd4 Ne4
28. Bxe4 dxe4 29. Rxc5 Qxc5 30. Ne2 Bb5 31. Nf4 Kh7 32. g4 1/2-1/2

[Event "TCh-FRA Top 12 2015"]
[Site "Montpellier FRA"]
[Date "2015.06.02"]
[Round "4.2"]
[Board "7"]
[White "Apicella, Manuel"]
[Black "Shoker, Samy"]
[Result "1/2-1/2"]
[WhiteTitle "GM"]
[BlackTitle "GM"]
[WhiteElo "2510"]
[BlackElo "2484"]
[WhiteTeam "GRASSE ECHECS"]
[BlackTeam "C-E BOIS-COLOMBES"]
[WhiteFideId "600164"]
[BlackFideId "627143"]
[EventDate "2015.05.30"]

1. e4 d6 2. d4 Nf6 3. Nc3 g6 4. Nf3 Bg7 5. h3 O-O 6. Be3 a6 7. Bd3 Nc6 8. Qd2 b5
9. d5 Ne5 10. Nxe5 dxe5 11. a4 b4 12. Ne2 a5 13. c4 bxc3 14. Nxc3 e6 15. dxe6
Bxe6 16. O-O Qe7 17. Rfc1 Rfd8 18. Qe2 c6 19. Bc4 Nh5 20. Bxe6 Qxe6 21. Rd1
Rxd1+ 22. Rxd1 Bf8 23. Qg4 Ng7 24. Bb6 h5 25. Qg3 Bb4 26. Bc7 Re8 27. Qd3 Qc8
28. Qd7 Qxd7 29. Rxd7 Ne6 30. Bb6 Rb8 31. Ba7 Ra8 32. Kf1 Kf8 33. Be3 Ke8 34.
Rb7 Nd8 35. Rb6 Kd7 36. Na2 Bd6 1/2-1/2

[Event "TCh-FRA Top 12 2015"]
[Site "Montpellier FRA"]
[Date "2015.06.02"]
[Round "4.2"]
[Board "8"]
[White "Congiu, Mathilde"]
[Black "Forestier, Carole"]
[Result "1-0"]
[WhiteTitle "WIM"]
[WhiteElo "2259"]
[BlackElo "2072"]
[WhiteTeam "C-E BOIS-COLOMBES"]
[BlackTeam "GRASSE ECHECS"]
[WhiteFideId "634581"]
[BlackFideId "641405"]
[EventDate "2015.05.30"]

1. e4 e6 2. d4 d5 3. Nd2 Nf6 4. e5 Nfd7 5. Bd3 c5 6. c3 Nc6 7. Ngf3 g6 8. h4 h6
9. Nf1 Qb6 10. N1h2 cxd4 11. cxd4 Nxd4 12. O-O Nc6 13. Qe2 Bg7 14. Bf4 Qb4 15.
g3 g5 16. hxg5 hxg5 17. Bd2 Qb6 18. Ng4 Qxb2 19. Rab1 Qa3 20. Bxg5 Qf8 21. Rfc1
Rh5 22. Bh4 Qh8 23. Bb5 Ndxe5 24. Ngxe5 Bxe5 25. Rxc6 Kf8 26. Nxe5 Rxe5 27. Rd6
Rxe2 28. Rd8+ Kg7 29. Rxh8 Rxa2 30. Rd8 Rc2 31. Rb4 e5 32. Bd7 d4 33. Bf5 Rc1+
34. Kh2 b6 35. Be4 Bb7 36. Bxb7 Rxd8 37. Bxd8 d3 38. Rg4+ Kf8 39. Bg5 Rc2 40.
Kg2 f5 41. Rh4 e4 42. Rf4 Rc5 43. Bxe4 d2 44. Bf3 Rd5 45. Bd1 b5 46. g4 1-0

[Event "TCh-FRA Top 12 2015"]
[Site "Montpellier FRA"]
[Date "2015.06.02"]
[Round "4.3"]
[Board "1"]
[White "Sanikidze, Tornike"]
[Black "Navara, David"]
[Result "1/2-1/2"]
[WhiteTitle "GM"]
[BlackTitle "GM"]
[WhiteElo "2515"]
[BlackElo "2751"]
[WhiteTeam "C.E. STRASBOURG"]
[BlackTeam "MULHOUSE PHILIDOR"]
[WhiteFideId "13602608"]
[BlackFideId "309095"]
[EventDate "2015.05.30"]

1. d4 Nf6 2. c4 e6 3. Nf3 b6 4. a3 Bb7 5. Nc3 d5 6. cxd5 Nxd5 7. e3 g6 8. Bb5+
c6 9. Bd3 Bg7 10. O-O O-O 11. Ne4 Qe7 12. Ng3 c5 13. e4 Nc7 14. Bg5 f6 15. Be3
Nba6 16. Rc1 cxd4 17. Nxd4 Rad8 18. Nc6 Bxc6 19. Rxc6 f5 20. exf5 exf5 21. Bf4
Kh8 22. Qe2 Qxe2 23. Bxe2 Nd5 24. Bg5 Nb8 25. Rc2 Bf6 26. Bxf6+ 1/2-1/2